| 000 -LEADER |
| fixed length control field |
00744nam a22001577a 4500 |
| 003 - CONTROL NUMBER IDENTIFIER |
| control field |
LRUA |
| 005 - DATE AND TIME OF LATEST TRANSACTION |
| control field |
20220830102827.0 |
| 008 - FIXED-LENGTH DATA ELEMENTS--GENERAL INFORMATION |
| fixed length control field |
220830b xxu||||| |||| 00| 0 eng d |
| 040 ## - CATALOGING SOURCE |
| Transcribing agency |
RUA |
| 082 ## - DEWEY DECIMAL CLASSIFICATION NUMBER |
| Edition number |
VEM PHA 2017 B1-558 Or. |
| 100 ## - MAIN ENTRY--PERSONAL NAME |
| 9 (RLIN) |
15158 |
| Personal name |
PHAN PHANN,ផាន ផាន់ណា |
| 245 ## - TITLE STATEMENT |
| Title |
CASE OF SUCKLING PIGLET DIARRHEA AT CP FARM AT PHNOM SROUCH DISTRICT,KAMPONG SPEU PROVINCE,ករណីកូនរាគជ្រូកក្នុងអំឡុងពេលបំបៅដោះនៅក្នុងកសិដ្ឋាន ស៊ី ភី នៅស្រុកភ្នំស្រួច ខេត្តកំពង់ស្ពឺ |
| 260 ## - PUBLICATION, DISTRIBUTION, ETC. (IMPRINT) |
| Place of publication, distribution, etc. |
phnom penh |
| Name of publisher, distributor, etc. |
rua |
| Date of publication, distribution, etc. |
2017 |
| 300 ## - PHYSICAL DESCRIPTION |
| Extent |
ix.53p. |
| Other physical details |
ill. |
| Dimensions |
29cm. |
| 942 ## - ADDED ENTRY ELEMENTS (KOHA) |
| Source of classification or shelving scheme |
|
| Koha item type |
VEM |